[Event "CAN-ch U18"]
[Site "Richmond"]
[Date "2018.03.10"]
[Round "2"]
[White "Li, James1111"]
[Black "Zhu, Brandon"]
[Result "0-1"]
[WhiteElo "1955"]
[BlackElo "1992"]
[PlyCount "52"]
[EventDate "2018.03.10"]
[EventType "game"]
[EventRounds "4"]
[EventCountry "CAN"]
[SourceTitle "EXT 2022"]
[Source "ChessBase"]
[SourceDate "2021.10.06"]
[SourceVersion "1"]
[SourceVersionDate "2021.10.06"]
[SourceQuality "1"]

1. Nf3 d5 2. d4 Nf6 3. Bg5 e6 4. c4 Bb4+ 5. Nc3 dxc4 6. e4 b5 7. a4 c5 8. dxc5 Qxd1+ 9. Rxd1 a6 10. Bxf6 gxf6 11. Be2 Bb7 12. Nd2 Bxc3 13. bxc3 Nd7 14. Rb1 Bc6 15. 0-0 Nxc5 16. axb5 axb5 17. Bf3 e5 18. Rfe1 Ke7 19. Nf1 Nd3 20. Re2 Ra3 21. Rc2 Rha8 22. Ne3 Ra1 23. Rf1 Kd6 24. Nd1 R1a2 25. Ne3 Rxc2 26. Nxc2 Ra2 0-1

[Event "British Columbia op"]
[Site "Richmond"]
[Date "2018.02.12"]
[Round "5.9"]
[White "Zhu, Brandon"]
[Black "Doknjas, Neil"]
[Result "1/2-1/2"]
[WhiteElo "2081"]
[BlackElo "1897"]
[PlyCount "81"]
[EventDate "2018.02.10"]
[EventType "swiss"]
[EventRounds "6"]
[EventCountry "CAN"]
[SourceTitle "EXT 2022"]
[Source "ChessBase"]
[SourceDate "2021.10.06"]
[SourceVersion "1"]
[SourceVersionDate "2021.10.06"]
[SourceQuality "1"]

1. d4 d5 2. c4 e6 3. Nc3 Nf6 4. cxd5 exd5 5. Bg5 Be7 6. e3 0-0 7. Bd3 c6 8. Nge2 Nbd7 9. 0-0 Re8 10. Qc2 Nf8 11. Kh1 b6 12. f3 Bb7 13. e4 dxe4 14. fxe4 Ng4 15. Bf4 Ne6 16. e5 Bg5 17. Bxh7+ Kh8 18. Bf5 Bxf4 19. Bxg4 Nxd4 20. Nxd4 Qxd4 21. Ne2 Qd2 22. Qf5 Bh6 23. Bf3 Qg5 24. Nd4 Rxe5 25. Qxf7 Re7 26. Qb3 Qc5 27. Rad1 Rae8 28. Qd3 Re3 29. Qf5 Ba6 30. Qxc5 bxc5 31. Nf5 Bxf1 32. Nxe3 Bxe3 33. Rxf1 Bd4 34. b3 Re6 35. g3 g5 36. Kg2 Kg7 37. Rd1 Kf6 38. Rc1 a5 39. Rc4 Kg7 40. Rc2 Kf6 41. Re2 1/2-1/2

[Event "Wch U18"]
[Site "Montevideo"]
[Date "2017.09.23"]
[Round "8"]
[White "Zhu, Brandon"]
[Black "Savic, Mihailo S"]
[Result "1/2-1/2"]
[WhiteElo "2015"]
[BlackElo "2168"]
[PlyCount "103"]
[EventDate "2017.09.17"]
[EventType "swiss"]
[EventRounds "11"]
[EventCountry "URU"]
[SourceTitle "CBM 180 Extra"]
[Source "ChessBase"]
[SourceDate "2017.10.06"]
[SourceVersion "1"]
[SourceVersionDate "2017.10.06"]
[SourceQuality "1"]

1. e4 e6 2. c4 d5 3. cxd5 exd5 4. exd5 Nf6 5. Bb5+ Bd7 6. Bc4 Bd6 7. Nf3 0-0 8. 0-0 b5 9. Bb3 Bg4 10. d4 h6 11. Nc3 a6 12. Re1 Nbd7 13. Qd3 Bxf3 14. Qxf3 Nb6 15. g3 Be7 16. a3 Qd7 17. Bf4 Rfe8 18. Be5 a5 19. Qd3 b4 20. Bxf6 bxc3 21. Bc2 g6 22. Rxe7 Rxe7 23. bxc3 Nxd5 24. Bxe7 Nxe7 25. Qc4 c6 26. Bb3 Nd5 27. Ba4 Rc8 28. Re1 Qd6 29. Qa6 Qc7 30. Qd3 Rd8 31. Re5 Qd6 32. Qc4 Qxa3 33. Bxc6 Nxc3 34. Re3 Qc1+ 35. Kg2 Ne2 36. Qxc1 Nxc1 37. d5 Na2 38. Ra3 Nb4 39. Rxa5 Nxc6 40. dxc6 Rc8 41. Rc5 Kf8 42. Kf3 Ke7 43. Ke4 Kd6 44. Kd4 f6 45. c7 Rxc7 46. Rxc7 Kxc7 47. Kc5 Kd7 48. Kd5 f5 49. Ke5 Ke7 50. h3 Kf7 51. f3 Ke7 52. g4 1/2-1/2